000 00346 a2200157 4500
001 72304
020 _a
040 _cAnchieta - Colégio São Paulo
100 _aBarroso, Célio
240 1 0 _aVitória-Régia
_lpor
245 1 0 _aVitória-Régia
300 _a26[1p.]
362 0 _a1974
650 4 _aLiteratura infanto-juvenil
942 _cBK
999 _c72304
_d72304